My favourite and least favourite tennis players ever - Statistics

General Stats
  • This quiz has been taken 56 times
    55 since last reset
  • The average score is 10 of 16
Answer Stats
Hint Answer % Correct
:-) A five time Wimbledon champion, her performances are often overshadowed by her younger sister's triumphs Venus Williams
89%
:-) He's fun, he's good looking and he's the best right now. Love him. Especially when he schools Nadal or Federer Novak Djokovic
82%
:-( 21 time (and hopefully no more) grand slam winner with underwear malfunction Rafael Nadal
78%
:-( He's widely regarded as the greatest ever and everyone seems to love him. And yet all I see is arrogance and smugness Roger Federer
78%
:-) She is about to break records, and yet she celebrates every grand slam win like a teenager Serena Williams
78%
:-) Swedish player with a hell of a volley game and the weakest forehand ever Stefan Edberg
76%
:-) Russian heartthrob with a fiery temper and a very talented sister Marat Safin
73%
:-( Screamer from Belarus who enters the court with her headphones on Victoria Azarenka
73%
:-( Belgian 7 time grand slam winner who yelled "allez !" every 2 minutes Justine Henin
67%
:-) Long legged German player with a legendary forehand (and husband) Steffi Graf
67%
:-( She made a fool of herself in the 1999 French Open final and lost to Steffi Graf to the happy chants of an overtly hostile crowd Martina Hingis
56%
:-( Very inventive ... and bitchy Polish player Agnieszka Radwańska
53%
:-( Probably the most dominant (and unpopular) player of the 80's, he pleased his numerous critics each year by losing sooooo close to the Wimbledon title Ivan Lendl
53%
:-) This handsome French player is known for his tactics and often hilarious post match interviews Gilles Simon
24%
:-) Spanish veteran with piercing blue eyes and the heart of a warrior Tommy Robredo
16%
:-) This atypical Swedish player fought his way to the French Open final in 1986, winning the hearts of many and trading his oversized shorts in the process Mikael Pernfors
13%
No matching quizzes found
Score Distribution
Percent of People with Each Score
Percentile by Number Answered
Your Score History
You have not taken this quiz since the last reset